Global hospitality industry and service quality management / (Record no. 276023)
[ view plain ]
| 000 -LEADER | |
|---|---|
| fixed length control field | 00506nam a22001697a 4500 |
| 005 - DATE AND TIME OF LATEST TRANSACTION | |
| control field | 20141007110500.0 |
| 008 - FIXED-LENGTH DATA ELEMENTS--GENERAL INFORMATION | |
| fixed length control field | 141007b xxu||||| |||| 00| 0 eng d |
| 050 ## - LIBRARY OF CONGRESS CALL NUMBER | |
| Classification number | TX 911.3.M27 |
| Item number | .T134 2014 |
| 100 ## - MAIN ENTRY--PERSONAL NAME | |
| Personal name | Taing, Vineet. |
| 245 ## - TITLE STATEMENT | |
| Title | Global hospitality industry and service quality management / |
| Statement of responsibility, etc | Vineet Taing. |
| 260 ## - PUBLICATION, DISTRIBUTION, ETC. (IMPRINT) | |
| Place of publication, distribution, etc | New Delhi : |
| Name of publisher, distributor, etc | Random Publication, |
| Date of publication, distribution, etc | c2014. |
| 300 ## - PHYSICAL DESCRIPTION | |
| Extent | 256 pages : |
| Dimensions | 24 cm. |
| 521 ## - TARGET AUDIENCE NOTE | |
| Target audience note | Tourism |
| 650 ## - SUBJECT ADDED ENTRY--TOPICAL TERM | |
| Topical term or geographic name as entry element | Hospitality. |
| 650 ## - SUBJECT ADDED ENTRY--TOPICAL TERM | |
| Topical term or geographic name as entry element | Management. |
| 942 ## - ADDED ENTRY ELEMENTS (KOHA) | |
| Source of classification or shelving scheme | Library of Congress Classification |
| Koha item type | Books |
| Call number prefix | Foreign |
| Withdrawn status | Lost status | Source of classification or shelving scheme | Damaged status | Home library | Current library | Shelving location | Date acquired | Source of acquisition | Cost, normal purchase price | Total Checkouts | Full call number | Barcode | Date last seen | Price effective from | Koha item type |
|---|---|---|---|---|---|---|---|---|---|---|---|---|---|---|---|
| Library of Congress Classification | College Library | College Library | Reserve Section | 10/07/2014 | Library Fund | 4760.00 | TX 911.3.M27 .T134 2014 | C18737 | 05/15/2018 | 10/07/2014 | Books |